Statistiques concernant Les sept arts

Cliquez ici pour prendre le quiz!

Statistiques générales

  • Ce quiz a été pris 861 fois
  • Le résultat moyen est 5 sur 7

Statistiques - réponses

Arts% Correct
Arts visuels
97%
Cinéma
90%
Musique
80%
Sculpture
78%
Arts de la scène
77%
Littérature
74%
Architecture
42%

Distribution des résultats

Percentile par nombre de réponses

% des personnes avec chaque résultat

Votre développement - résultats

Vous n’avez pas pris ce quiz